• 首页
  • 本馆介绍
  • 公告通知
  • 最新文献
  • 馆藏检索
  • 电子资源
  • 读者导购
  • 参考咨询
  • 我的图书馆
  • 登录
  • 详细信息显示
  • 放入我的书架
  • 预约/预借图书
  • 作者相关作品
  • 分类相关作品
  • 丛书相关作品
  • 出版社相关作品

书目信息

  • 表格格式
  • 工作单格式
  • 卡片格式
题名:
清及民国长三角地区文化家族中之女性文学研究
    
 
作者: 段继红 著
分册:  
出版信息: 上海   上海社会科学院出版社  2015
页数: 214页
开本: 24cm
丛书名: 上海电机学院上海学系列丛书
单 册:
中图分类: I206.5
科图分类:
主题词:
电子资源:
ISBN: 978-7-5520-0986-6
000 01416nam0 22002771 450
001 1752546250
005 20170602161240.0
010    @a978-7-5520-0986-6@dCNY45.00
100    @a20151118d2015 em y0chiy50 ea
101 0  @achi
102    @aCN@b310000
105    @ay z 000yy
106    @ar
200 1  @a清及民国长三角地区文化家族中之女性文学研究@Aqing ji min guo chang san jiao di qu wen hua jia zu zhong zhi nv xing wen xue yan jiu@f段继红著
210    @a上海@c上海社会科学院出版社@d2015
215    @a214页@d24cm
225 2  @a上海电机学院上海学系列丛书@Ashang hai dian ji xue yuan shang hai xue xi lie cong shu
300    @a上海电机学院上海学重点学科建设专项资助 本书来源于国家教育部人文社科一般规划项目(项目名称:区域文化视角下清及近代长三角地区女性文学研究)
330    @a本书着眼于地域文化和家族文化的互动及影响,以及对清及近代长三角地区的女性文学进行分析,探寻这一地区文化发展的人文轨迹。全书分为五章,内容包括:清及民国长三角地区文化家族的半壁江山——文化家族中之女性文学;著名文人及家族女性;名父之女,才士之妻;清及民国女性文学家族特性的成因。
461  0 @12001 @a上海电机学院上海学系列丛书
607    @a长江三角洲@Achang jiang san jiao zhou@x妇女文学@x文学研究@z清代
607    @a长江三角洲@Achang jiang san jiao zhou@x妇女文学@x文学研究@z民国
690    @aI206.5@v5
701  0 @a段继红@Aduan ji hong@f(1963~)@4著
801  0 @aCN@bTANG WEI@c20170531
905    @b0971268-72@dI206.5@e18@f5
    
    清及民国长三角地区文化家族中之女性文学研究/段继红著.-上海:上海社会科学院出版社,2015
    214页;24cm.-(上海电机学院上海学系列丛书)
    上海电机学院上海学重点学科建设专项资助 本书来源于国家教育部人文社科一般规划项目(项目名称:区域文化视角下清及近代长三角地区女性文学研究)
    
    ISBN 978-7-5520-0986-6:CNY45.00
    本书着眼于地域文化和家族文化的互动及影响,以及对清及近代长三角地区的女性文学进行分析,探寻这一地区文化发展的人文轨迹。全书分为五章,内容包括:清及民国长三角地区文化家族的半壁江山——文化家族中之女性文学;著名文人及家族女性;名父之女,才士之妻;清及民国女性文学家族特性的成因。
●
相关链接 在E读中查询图书 在五车中查询图书 在当当中查询图书 在豆瓣中查询图书


正题名:清及民国长三角地区文化家族中之女性文学研究     索取号:I206.5/18         预约/预借

序号 登录号 条形码 馆藏地/架位号 状态 备注
1 0971268   209712685   第一样本阅览室/ [索取号:I206.5/18] 在馆    
2 0971269   209712694   密集书库-文学院/ [索取号:I206.5/18] 在馆    
3 0971270   209712701   第二借阅区/ [索取号:I206.5/18] 在馆    
4 0971271   209712710   第二借阅区/ [索取号:I206.5/18] 在馆    
5 0971272   209712729   第二借阅区/ [索取号:I206.5/18] 在馆    
唐山师范学院图书馆 欢迎您!
大连网信软件有限公司© 版权所有